ALKOHOLE - Statystyki

Ogólne statystyki
  • Ten quiz został rozwiązany 262 razy
  • Średni wynik to 5 z 14
Statystyki odpowiedzi
Zagadnienie Odpowiedź % Poprawnych
Wraz z wyższą liczbą atomów węgla w cząsteczce alkoholu, jego lotność: Spada
65%
Jaki jest wzór sumaryczny heksan-1-olu? C6H11OH
52%
Co katalizuje fermentację alkoholową? drożdże
48%
Propan-2-ol to alkohol: drugorzędowy
43%
Wyższą temperaturę wrzenia ma glicerol czy propan-1-ol? glicerol
43%
W którym kraju przegłosowano najsłynniejszą ustawę prohibicyjną? USA
39%
Glikol propylenowy wykorzystuje się: w dezodorantach w sztyfcie
35%
Czy propano-1,2,3-triol można nazwać glikolem? NIE
30%
Co powstaje w wyniku reakcji eliminacji? alken
26%
«Zmniejszenie się objętości przy mieszaniu niektórych rozpuszczających się wzajemnie cieczy» to inaczej: kontrakcja
26%
Przykładem alkoholu aromatycznego jest: fenylometanol
22%
Jaki związek powstaje po ogrzaniu gazu syntezowego? metanol
22%
Ile wynosi minimalna śmiertelna zawartość alkoholu we krwi? 4%
17%
Zespół objawów występujący po nagłym zaprzestaniu przyjmowania alkoholu w skrócie to: AZA
13%
Nie znaleziono quizów pasujących do podanych kryteriów
Rozkład punktacji
Procent ludzi z każdym wynikiem
Percentyl według liczby udzielonych odpowiedzi
Twoja historia wyników
Nie rozwiązałeś tego quizu